Estudio de prefactibilidad de una planta para procesar los granos gastados de cerveceríaa
Na minha lista:
| Autor principal: | |
|---|---|
| Formato: | Desconhecido |
| Publicado em: |
[San José, Costa Rica]
1980
|
| Assuntos: | |
| Tags: |
Adicionar Tag
Sem tags, seja o primeiro a adicionar uma tag!
|
MARC
| LEADER | 00000 a2200000 4500 | ||
|---|---|---|---|
| 003 | 001174 | ||
| 005 | 20221231143740.0 | ||
| 008 | 140114s1980 c a m 000 ||s d | ||
| 040 | |c cru CEDI | ||
| 090 | |a TFG 941 | ||
| 100 | |a Rodríguez Murillo, Luis Antonio |9 16058 | ||
| 245 | |a Estudio de prefactibilidad de una planta para procesar los granos gastados de cerveceríaa | ||
| 260 | |c 1980 |a [San José, Costa Rica] | ||
| 300 | |a 79 hojas : ilustraciones ; 28 cm | ||
| 500 | |a Tesis (licenciatura en ingeniería química)--Universidad--Universidad de Costa Rica. | ||
| 650 | |x ALIMENTOS PARA ANIMALES |x GRANOS |x INDUSTRIA Y COMERCIO |x CERVEZA |9 16059 | ||
| 942 | |c TFG | ||
| 999 | |c 11216 |d 11216 | ||
